000
00236nam a2200109Ia 4500
008
190216s9999||||xx |||||||||||||| ||und||
100
_a
Gopi Aryad
245
0
_a
Ashupathri
260
_b
Nbs Kottayam
650
_a
Malayalam
942
_c
BK
999
_c
24759
_d
24759